00000000nam 2200000zi 4500
0019.945897
003CaOODSP
00520241205083836
006m     o  d f      
007cr bn|||||||||
008241205e198207##onca    ob   f000 0 eng d
020 |a066212099X |q(print)
040 |aCaOODSP|beng|erda|cCaOODSP
0410 |aeng|beng|bfre
0861 |aEn42-1/3-82-5E-PDF|zEn42-3/82-5E
24500|aEnvironmental aspects of the extraction and production of nickel / |cbackground paper prepared for United Nations Environmental Program by Mineral and Metal Processes Division, Engineering Assessment Branch, Air Pollution Control Directorate.
264 1|aOttawa, Ontario, Canada : |bEnvironment Canada, Environmental Protection Service = Environnement Canada, Service de la protection de l'environnement, |cJuly 1982.
264 4|c©1982
300 |a1 online resource (viii, 96 pages) : |billustrations.
336 |atext|btxt|2rdacontent
337 |acomputer|bc|2rdamedia
338 |aonline resource|bcr|2rdacarrier
4901 |aEnvironmental Protection Service report series
500 |aIssued also in French under title: Aspects écologiques de l'extraction et de la production du nickel.
500 |a"Report EPS 3-AP-82-5."
500 |a"This report is based on a study done for Environment Canada in 1980 by INCO TECH, Toronto, Ontario under contract No. OSS 79-00130."
500 |a"Economic and technical review, report EPS 3-AP-82-5"--Cover.
500 |aDigitized edition from print [produced by Environment and Climate Change Canada].
504 |aIncludes bibliographical references (pages 94-96).
546 |aIncludes abstracts in English and French.
650 0|aNickel mines and mining|xEnvironmental aspects.
650 0|aNickel industry|xEnvironmental aspects.
650 0|aAir|xPollution.
650 0|aPollution control equipment.
7101 |aCanada. |bEnvironmental Protection Service, |eissuing body.
7101 |aCanada. |bAir Pollution Control Directorate. |bMineral and Metal Processes Division, |eissuing body.
77508|tAspects écologiques de l'extraction et de la production du nickel / |w(CaOODSP)9.921990
830#0|aEnvironmental Protection Service report series.|w(CaOODSP)9.866031
85640|qPDF|s3.48 MB|uhttps://publications.gc.ca/collections/collection_2024/eccc/en42/En42-1-3-82-5-eng.pdf